000 03001nam a2200313 a 4500
008 151013s2013 ||||||||||||||||| || u
020 _a9781447301110
050 _aRC 969.H3 Wor
100 _aVickerstaff, Sarah
245 1 0 _aWork, health and wellbeing: the challenges of managing health at work
_cEdited by Sarah Vickerstaff, Chris Phillipson and Ross Wilkie
260 _aBristol
_bThe Policy Press
_c2013
300 _axiii, 290p.: ill.
350 _a46.95
650 _aEMPLOYEE HEALTH PROMOTION
995 _aMEDICAL LIBRARY OPEN ACCESS
_e903186
_FCBU-SCHOOL OF MEDICINE LIBRARY (Ndola)
_I46.95
_jRC 969.H3 Wor
_M2
_UAVAILABLE
_WJan 25, 2016
_y903186
_ZMedical Library Open Access Collection
995 _aMEDICAL LIBRARY OPEN ACCESS
_e903189
_FCBU-SCHOOL OF MEDICINE LIBRARY (Ndola)
_I46.95
_jRC 969.H3 Wor
_M2
_UAVAILABLE
_WJan 25, 2016
_y903189
_ZMedical Library Open Access Collection
995 _aMAIN LIBRARY OPEN ACCESS
_e903193
_FCBU-MAIN LIBRARY (Kitwe)
_I46.95
_jRC 969.H3 Wor
_M9
_UAVAILABLE
_WMar 29, 2016
_y903193
_ZMain Library Open Access Collection
995 _aMAIN LIBRARY OPEN ACCESS
_e903191
_FCBU-MAIN LIBRARY (Kitwe)
_I46.95
_jRC 969.H3 Wor
_M7
_UAVAILABLE
_WMar 29, 2016
_y903191
_ZMain Library Open Access Collection
995 _aMAIN LIBRARY OPEN ACCESS
_e903194
_FCBU-MAIN LIBRARY (Kitwe)
_I46.95
_jRC 969.H3 Wor
_M10
_UAVAILABLE
_WMar 29, 2016
_y903194
_ZMain Library Open Access Collection
995 _aMEDICAL LIBRARY OPEN ACCESS
_e903185
_FCBU-SCHOOL OF MEDICINE LIBRARY (Ndola)
_I46.95
_jRC 969.H3 Wor
_M1
_UAVAILABLE
_WJan 25, 2016
_y903185
_ZMedical Library Open Access Collection
995 _aMAIN LIBRARY OPEN ACCESS
_e746557
_FCBU-MAIN LIBRARY (Kitwe)
_I46.95
_jRC 969.H3 Wor
_M13
_UAVAILABLE
_WMay 11, 2016
_y746557
_ZMain Library Open Access Collection
995 _aMAIN LIBRARY OPEN ACCESS
_e903192
_FCBU-MAIN LIBRARY (Kitwe)
_I46.95
_jRC 969.H3 Wor
_M8
_UAVAILABLE
_WMar 29, 2016
_y903192
_ZMain Library Open Access Collection
995 _aANNEX COLLECTION (Main Library)
_e746558
_FCBU-MAIN LIBRARY (Kitwe)
_I46.95
_jRC 969.H3 Wor
_M14
_UAVAILABLE
_WMay 11, 2016
_y746558
_ZAnnex Low-Usage Collection
995 _aMEDICAL LIBRARY OPEN ACCESS
_e903190
_FCBU-SCHOOL OF MEDICINE LIBRARY (Ndola)
_I46.95
_jRC 969.H3 Wor
_M6
_UAVAILABLE
_WJan 25, 2016
_y903190
_ZMedical Library Open Access Collection
995 _aMEDICAL LIBRARY OPEN ACCESS
_e903188
_FCBU-SCHOOL OF MEDICINE LIBRARY (Ndola)
_I46.95
_jRC 969.H3 Wor
_M4
_UAVAILABLE
_WJan 25, 2016
_y903188
_ZMedical Library Open Access Collection
995 _aMAIN LIBRARY OPEN ACCESS
_e746555
_FCBU-MAIN LIBRARY (Kitwe)
_I46.95
_jRC 969.H3 Wor
_M11
_UAVAILABLE
_WMay 11, 2016
_y746555
_ZMain Library Open Access Collection
995 _aMEDICAL LIBRARY OPEN ACCESS
_e903187
_FCBU-SCHOOL OF MEDICINE LIBRARY (Ndola)
_I46.95
_jRC 969.H3 Wor
_M3
_UAVAILABLE
_WJan 25, 2016
_y903187
_ZMedical Library Open Access Collection
995 _aANNEX COLLECTION (Main Library)
_e746556
_FCBU-MAIN LIBRARY (Kitwe)
_I46.95
_jRC 969.H3 Wor
_M12
_UAVAILABLE
_WMay 11, 2016
_y746556
_ZAnnex Low-Usage Collection
999 _c83182
_d83182